Física mecánica / (Record no. 5392)

MARC details
000 -LEADER
campo de control de longitud fija 01912nam a22003257a 4500
003 - IDENTIFICADOR DE NÚMERO DE CONTROL
campo de control BO-EaUP
005 - FECHA Y HORA DE LA ÚLTIMA TRANSACCIÓN
campo de control 20251120185231.0
008 - DATOS DE LONGITUD FIJA--INFORMACIÓN GENERAL
campo de control de longitud fija 251120t2018 bo ||||| |||| 00| 0 spa d
040 ## - FUENTE DE CATALOGACIÓN
Centro catalogador/agencia de origen Biblioteca IPE
Lengua de catalogación spa
Centro/agencia transcriptor Biblioteca Ingeniería en producción empresarial
Normas de descripción RDA
041 ## - CÓDIGO DE IDIOMA
Código de lengua del texto/banda sonora o título independiente spa
Código de lengua original spa
043 ## - CÓDIGO DE ÁREA GEOGRÁFICA
Código de área geográfica s-bo
082 ## - NÚMERO DE LA CLASIFICACIÓN DECIMAL DEWEY
Número de edición 21
Número de clasificación 530
092 ## - ASIGNACIÓN LOCAL DE SIGNATURA TOPOGRÁFICA DEWEY (OCLC)
Número de clasificación 530
Signatura Librística A473f
100 ## - ENTRADA PRINCIPAL--NOMBRE DE PERSONA
Nombre de persona Alvarez Cossío, Alfredo
Término indicativo de función/relación Autor
9 (RLIN) 6089
245 ## - MENCIÓN DEL TÍTULO
Título Física mecánica /
Mención de responsabilidad, etc. Alfredo Alvarez cossio
260 ## - PUBLICACIÓN, DISTRIBUCIÓN, ETC.
Lugar de publicación, distribución, etc. La paz - Bolivia ;
Fecha de publicación, distribución, etc. 2018
300 ## - DESCRIPCIÓN FÍSICA
Extensión 490 páginas ;
Otras características físicas Ilustraciones, figuras ; tapa blanda 24 x 18
Dimensiones 24 x 18 centímetros.
336 ## - TIPO DE CONTENIDO
Fuente rdacontent
Término de tipo de contenido texto
Código de tipo de contenido txt
337 ## - TIPO DE MEDIO
Fuente rdamedia
Nombre/término del tipo de medio no mediado
Código del tipo de medio n
338 ## - TIPO DE SOPORTE
Nombre/término del tipo de soporte volumen
Código del tipo de soporte nc
505 ## - NOTA DE CONTENIDO CON FORMATO
Nota de contenido con formato Capitulo 1. Introducción - Capitulo 2. vectores - Capítulo 3. Cinemática 1- movimiento rectilíneo y parabólico - Capítulo 4. Cinemática 2 - movimiento circular - Capítulo 5. Dinámica y estática - Capítulo 6. Trabajo y energía - Capítulo 7. cantidad de movimiento / Apéndices.
520 ## - RESUMEN, ETC.
Sumario, etc. El objetivo del texto es llenar el vacío entre la enseñanza secundaria y la universitaria. Para esta última existe una amplia bibliografía en lo que a física se refiere, sin embargo, todos ellos están concebidos de manera de emplear el Cálculo Diferencial e Integral. herramienta matemática que los estudiantes del preuniversitario aún no poseen (al menos en nuestro medio). Por esta razón, en este libro, se exponen los conceptos físicos sin emplear el Cálculo Diferencial e Integral, sino simplemente la variación por incrementos.
521 ## - NOTA DE PÚBLICO DESTINATARIO
Nota de público destinatario El libro esta orientado fundamentalmente a estudiantes del pre-universitario y estudiantes del ciclo medio,
546 ## - NOTA DE IDIOMA
Nota de lengua/lenguaje Español
653 ## - TÉRMINO DE INDIZACIÓN--NO CONTROLADO
Término no controlado FÍSICA
653 ## - TÉRMINO DE INDIZACIÓN--NO CONTROLADO
Término no controlado MECÁNICA
653 ## - TÉRMINO DE INDIZACIÓN--NO CONTROLADO
Término no controlado CÁLCULO DIFERENCIAL E INTEGRAL
700 ## - ENTRADA AGREGADA--NOMBRE PERSONAL
Nombre de persona Huayta Condori, Eduardo
Término indicativo de función/relación Autor
9 (RLIN) 6090
942 ## - ELEMENTOS DE ENTRADA SECUNDARIOS (KOHA)
Fuente del sistema de clasificación o colocación Clasificación Decimal Dewey
Tipo de ítem Koha Libros
Suprimir en OPAC No
Holdings
Estatus retirado Estado de pérdida Fuente del sistema de clasificación o colocación Estado de daño No para préstamo Colección Biblioteca de origen Biblioteca actual Ubicación en estantería Fecha de adquisición Fuente de adquisición Número de inventario Total de préstamos Signatura topográfica completa Código de barras Visto por última vez Copia número Precio de reemplazo Tipo de ítem Koha
    Clasificación Decimal Dewey     Ciencias Naturales y Matemáticas Biblioteca Especializada de Ingenieria en Producción Empresarial Biblioteca Especializada de Ingenieria en Producción Empresarial FISICA 20/11/2025 Donación BEIPE031D   530/A473f BEIPE031D 20/11/2025 Ej. 1 20/11/2025 Libros